| 000 | 00530nam a2200217Ia 4500 | ||
|---|---|---|---|
| 003 | OSt | ||
| 005 | 20220928141427.0 | ||
| 006 | a|||||r|||| 00| 0 | ||
| 007 | ta | ||
| 008 | 220927b |||||||| |||| 00| 0 eng d | ||
| 024 | _a14851 | ||
| 037 | _cTextual | ||
| 040 |
_aSDCL _cSDCL _beng |
||
| 041 |
_2eng _aeng |
||
| 082 | _aO121,8D55x, N6.1 | ||
| 100 |
_aJuvenal _9402356 |
||
| 245 | 0 |
_aSatires _b Book1 |
|
| 260 | _c1996 | ||
| 942 |
_hO121,8D55x, N6.1 _cTEXL _2CC |
||
| 999 |
_c817260 _d817260 |
||